Click the Country: 'F' Cities Quiz Stats

 Plays Quiz Updated Jul 22, 2016

Challenge
Share
Tweet
Embed
Score 0/20 Timer 05:00
23 Plays Today
% Correct
Germany
92.5%
Italy
91.1%
United States
88.8%
Japan
88.8%
United Kingdom
79%
Morocco
76.7%
China
69.6%
Sierra Leone
61%
India
57.9%
Ukraine
57.2%
% Correct
Portugal
54.9%
Romania
54.4%
Sweden
52.4%
Brazil
50.5%
Switzerland
49.9%
Taiwan
49.6%
Spain
48.9%
South Africa
47%
Colombia
32.7%
Uruguay
27.5%

You're not logged in!

Compare scores with friends on all Sporcle quizzes.
OR
Log In

You Might Also Like...

Show Comments

Extras

Top Quizzes Today


Score Distribution

Your Account Isn't Verified!

In order to create a playlist on Sporcle, you need to verify the email address you used during registration. Go to your Sporcle Settings to finish the process.

Report this User

Report this user for behavior that violates our Community Guidelines.

Details: